000
00280nam a22001097a 4500
008
170119b xxu||||| |||| 00| 0 eng d
020
_a
9781401827205
041
_a
eng
080
_a
618.2
245
_a
WORKBOOK TO ACCOMPANY CLINICAL MEDICAL ASSISTING
_c
HELLER, M.E
942
_2
udc
_c
BK
999
_c
3168
_d
3168